Rise of the continents [

Bibliographic Details
Other Authors: Steward, Iain
Format: Book
Published: s.l. : BBC Entertaiment , 20-
Subjects:

MARC

LEADER 00000cam a2200000 7i4500
001 0000200028
005 20160222.0
090 0 0 |a 551.7   |b RIS 
245 0 0 |a Rise of the continents [  |h digital video disc]   |c presented by Professor Iain Steward 
260 |a s.l. :   |b BBC Entertaiment ,   |c 20- 
300 |a 2 digital video disc (200 minutes) :   |b col 
500 |a Library has 2 copies 
521 0 |a General viewing for all ages (U) 
650 0 0 |a Documentary, English 
700 1 |a Steward, Iain 
999 |a AV 37253   |b DIGITAL VIDEO DISC   |c PINJAMAN   |e PERPUSTAKAAN KOMUNITI PETALING JAYA 
999 |a AV 37950   |b DIGITAL VIDEO DISC   |c PINJAMAN   |e PERPUSTAKAAN KOMUNITI PETALING JAYA 
999 |a AV 40415   |b DIGITAL VIDEO DISC   |c PINJAMAN   |e PERPUSTAKAAN KOMUNITI PETALING JAYA